| 000 | 00700nam a2200277Ia 4500 | ||
|---|---|---|---|
| 008 | 160803s9999 xx 000 0 und d | ||
| 020 | _a9780545243292 | ||
| 100 | _aHorowitz, Anthony | ||
| 245 | 4 | _aThe switch / | |
| 245 | _cAnthony Horowitz. | ||
| 260 | _aNew York : | ||
| 260 | _bScholastic Inc. | ||
| 260 | _c2010 | ||
| 300 | _a162 pages : | ||
| 300 | _c20 cm. | ||
| 650 | _aCarnivals -- | ||
| 650 | _aCriminals -- | ||
| 650 | _aIdentity (Philosophical concept) -- | ||
| 650 | _aParanormal fiction. | ||
| 650 | _aWealth -- | ||
| 650 | _xJuvenile fiction. | ||
| 650 | _xJuvenile fiction. | ||
| 650 | _xJuvenile fiction. | ||
| 650 | _xJuvenile fiction. | ||
| 700 | _a700 | ||
| 999 |
_c298689 _d298689 |
||